Biblioteca

Los papas del siglo XX (Registro nro. 69258)

Detalles MARC
000 -LÍDER
Campo fijo de descripción fija 01981aam a2200397 i 4500
001 - NÚMERO DE CONTROL
Campo de control 768714001
003 - IDENTIFICADOR DEL NÚMERO DE CONTROL
Campo de control CO-MdFUSB
005 - FECHA Y HORA DE LA ULTIMA TRANSACCIÓN
control field 20231205150022.0
007 - CAMPO FIJO DE DESCRIPCIÓN FIJA--INFORMACIÓN GENERAL
Campo fijo de descripción fija ta
008 - ELEMENTOS DE LONGITUD FIJA -- INFORMACIÓN GENERAL
Campo fijo de descripción fija -- Información general 231101t19981998spa||||g |||| 00| 0 spa d
020 ## - NÚMERO INTERNACIONAL NORMALIZADO PARA LIBROS
Número Internacional Normalizado del libro 8479143401
040 ## - FUENTE DE CATALOGACIÓN
Agencia de catalogación original CO-MdFUSB
Idioma de catalogación spa
Agencia que realiza la transcripción CO-MdFUSB
Agencia que realiza la modificación CO-MdFUSBC
Convenciones de la descripción rda
041 ## - CÓDIGO DE IDIOMA
Código de idioma para texto/pista de sonido o título separado spa
082 ## - NÚMERO DE CLASIFICACIÓN DECIMAL DEWEY
Número de la edición del Dewey 23
Número de clasificación 262.1303
Clave de autor-Numero de item L122
100 ## - ASIENTO PRINCIPAL--NOMBRE PERSONAL
Nombre personal Laboa, Juan María,
Término relacionador autor
245 #4 - TÍTULO
Título del Material Los papas del siglo XX
Mención de responsabilidad, etc. / Juan María Laboa
264 #1 - PRODUCCIÓN, PUBLICACIÓN, DISTRIBUCIÓN, MANUFACTURA, Y COPYRIGHT
Lugar de producción, publicación, distribución, manufactura Madrid, España :
Nombre del productor, publicador, distribuidor Biblioteca de Autores Cristianos,
Fecha de producción, publicación, distribución, manufactura, o copyright [1998]
264 #4 - PRODUCCIÓN, PUBLICACIÓN, DISTRIBUCIÓN, MANUFACTURA, Y COPYRIGHT
Fecha de producción, publicación, distribución, manufactura, o copyright ©1998
300 ## - DESCRIPCIÓN FÍSICA
Extensión 125 páginas
Dimensiones ; 21 cm
336 ## - TIPO DE CONTENIDO
Fuente rdacontent
Término de tipo de contenido texto
Código de tipo de contenido txt
337 ## - TIPO DE MEDIO
Fuente rdamedia
Nombre del tipo de medio sin mediación
Código del tipo de medio n
338 ## - TIPO DE SOPORTE
Fuente rdacarrier
Nombre del tipo de soporte volumen
Código Tipo de soporte nc
504 ## - NOTA DE BIBLIOGRAFÍA, ETC.
Nota de bibliografía, etc Incluye índice
505 ## - NOTA DE CONTENIDO
Título Pio X:
Nota de contenido con formato preestablecido La sorpresa de una elección -- Pio X e Italia -- La crisis modernista -- La renovación religiosa -- La reforma de la curia.
505 ## - NOTA DE CONTENIDO
Título Benedicto XV:
Nota de contenido con formato preestablecido Un nuevo talante para una nueva época -- Los desastres de la guerra -- Una paz poco pacificadora -- La comunión de los espíritus.
505 ## - NOTA DE CONTENIDO
Título Pio XI:
Nota de contenido con formato preestablecido Un diplomático intelectual -- Un papa social -- El papa de la acción católica -- Rechazo neto del fascismo -- Relación con la ciencia.
505 ## - NOTA DE CONTENIDO
Título Pio XII:
Nota de contenido con formato preestablecido Pio XII y la guerra -- Un laicado más maduro -- Documentos pontificios -- Un pontificado de transición.
505 ## - NOTA DE CONTENIDO
Título Juan XXIII:
Nota de contenido con formato preestablecido Un diplomático atípico -- Un rostro nuevo del papado -- Obispo de Roma -- Concilio y vaticano -- Muerte de un papa querido.
505 ## - NOTA DE CONTENIDO
Título Pablo VI:
Nota de contenido con formato preestablecido Trabajo en la curia, pero vivió con los jóvenes -- Las encíclicas sociales -- Misionero en el mundo -- Objeto de contestación.
505 ## - NOTA DE CONTENIDO
Título Juan Pablo I:
505 ## - NOTA DE CONTENIDO
Título Juan Pablo II:
Nota de contenido con formato preestablecido Un papa polaco -- La caída del comunismo -- Un papa viajero -- La ética sexual -- El programa de sus encíclicas -- El control del episcopado -- La Iglesia de Wojtyla.
563 ## - NOTA DE ENCUADERNACIÓN
Nota de encuadernación Rústico.
653 ## - TÉRMINO DE INDIZACIÓN - NO CONTROLADO
Término no controlado Papado
942 ## - TIPO DE MATERIAL (KOHA)
Tipo de Item KOHA Libros General
945 ## - INFORMACIÓN LOCAL DEL REGISTRO
Catalogador sor1564
Existencias
Estado de Material Estado de Perdido Forma de Clasificación Estado de Dañado No para Préstamo Colección Biblioteca de Origen Biblioteca Permanente Fecha de Adquisición Área Total de Préstamos Signatura Topográfica Código de Barras Última vez visto Ejemplar/Existencia Fecha de Remplazo Tipo de Material
    Dewey Decimal Classification     Colección General Biblioteca FUSBC Biblioteca FUSBC 01/11/2023 TEOLOGÍA CRISTIANA   G 262.1303 L122p 22383 01/11/2023 Ej. 1 01/11/2023 Libros General

Biblioteca FUSBC | Teléfono: (57+4) 349 88 10 Ext. 141| WhatsApp (+57) 3005338115 
E-mail: biblioteca@unisbc.edu.co | Calle 76 87-14 Robledo Palenque, Medellín, Colombia

Con tecnología Koha